| 000 | 00529nam a2200181 a 4500 | ||
|---|---|---|---|
| 001 | 000046637 | ||
| 005 | 20201002053021.0 | ||
| 008 | 180314s200- dr 000 0 spa d | ||
| 020 | _a9789945606126 | ||
| 040 |
_aDO-SdBNP _bspa _cBNPHU |
||
| 082 |
_axxxx _bR426L |
||
| 110 | 1 |
_aRepública Dominicana _9447 |
|
| 240 | 1 | 0 | _a[Leyes, etc.] |
| 245 | 1 | 0 | _aLey 22-01 que crea el Colegio Dominicano de Psicólogos (CODOPSI). |
| 260 |
_aSanto Domingo : _bDalis, _c[s.f.]. |
||
| 300 |
_a52 p. ; _c21 cm. |
||
| 590 | _aInventariado, 2018/BT | ||
| 999 |
_c46126 _d46126 |
||